BENUE JOURNAL OF PEACE AND CONFLICT STUDIES (BENJOPECS) (Record no. 44076)

MARC details
000 -LEADER
fixed length control field 00422nam a2200157Ia 4500
022 ## - INTERNATIONAL STANDARD SERIAL NUMBER
ISSN 2971-6888
050 ## - CALL MARK
Classification number HM1126 .B46/
245 #0 - TITLE STATEMENT
Title BENUE JOURNAL OF PEACE AND CONFLICT STUDIES (BENJOPECS)
260 ## - PUBLICATION, DISTRIBUTION, ETC. (IMPRINT)
Place of publication Makurdi, Nigeria
260 ## - PUBLICATION, DISTRIBUTION, ETC. (IMPRINT)
Name of publisher Society for Peace Studies and Practice (SPSP)
260 ## - PUBLICATION, DISTRIBUTION, ETC. (IMPRINT)
Year of publication 2023
300 ## - PHYSICAL DESCRIPTION
Number of Pages x, 209 p. :ill. ; 20 cm.
650 ## - SUBJECT ADDED ENTRY--TOPICAL TERM
Topical Term Web services.
942 ## - ADDED ENTRY ELEMENTS (KOHA)
Koha item type Serials
Source of classification Library of Congress Classification

No items available.